1217 1218 1047 1417 1874 1319 1538 1273 1540 1997 1343 1229 1328 1155 1770 1623 1763 1157 1588 1939 1811 1152 1126 1793 1124 1014 1614 1488 1413 1587 1565 1170 1050 1138 1903 1100 1334 1061 1678 1128 1643 1269 1386 1198 1401 1983 1995 1293 1481 1684 1507 1096 1037 1302 1012 1518 1574 1913 1545 1760 1896 1911 1896 1935 1635 1760 1404 1984 1014 1157 1717 1683 1462 1250 1706 1952 1752 1491 1066 1023 1044 1843 1639 1890 1112 1681 1722 1119 1960 1190 1380 1266 1004 1779 1183 1771 1585 1677 1441 BCNSPRNW ULIB Ver.6.0+V

เปลี่ยนเป็นภาษาไทย

Change to English
 แสดงรายละเอียดบรรณานุกรม
  กลับหน้าหลัก

Brief Record : Get Marc (ISO 2709) : E-mail record : QR code < ปิดหน้าต่าง
LEADER : 00000nam 2200000uu 4500
001    13399111769
003     ULIB
008    110627s2553||||th 000 0 tha d
020    9786167346038
090    นว.^bก169ร 2553
100 0  กรยมล
245 00 รักได้ไหมถ้าหัวใจยังว่าง/^cกรยมล
250    พิมพ์ครั้งที่ 1
260    กรุงเทพฯ :^bฐานบัณฑิต,^c2553
300    288 หน้า
945    ^p210^l0^i028081
995    ทศพร
999 ^a ใช้งานได้ทุกระบบ
รายการนี้ยังไม่มีแท็ก
คุณยังไม่ได้ล็อกอิน คุณสามารถมีกิจกรรมร่วมกับเว็บไซต์ได้ แต่ต้องล็อกอินก่อน ::
  ล็อกอิน

รายการสื่อสารสนเทศ

ลำดับที่ ประเภท เลขเรียก/บาร์โค้ด สถานที่ สถานะ
- ไม่พบข้อมูล -

BibComment


ยังไม่เคยถูกคอมเมนท์

คอมเมนท์ทรัพยากรรายการนี้
  คอมเมนท์: รักได้ไหมถ้าหัวใจ..


 Copyright 2026. Bcnsprnw @Library